Contratos administrativos : (legislación y jurisprudencia) / Óscar Moreno Gil ; estudio-prólogo: Jesús González Pérez (legislación y jurisprudencia) / Óscar Moreno Gil ; estudio-prólogo:
ISBN:
84-7196-218-7
Descripción Física:
XXXI, 1813 p. ; 24 cm
MARC
| LEADER | 00000nam a2200000Ia 4500 | ||
|---|---|---|---|
| 001 | 19462 | ||
| 008 | 160829s1978 xx 000 0 cat d | ||
| 020 | |a 84-7196-218-7 | ||
| 080 | |a D-3-172 | ||
| 100 | |a Moreno Gil, Óscar |9 32951 |e autor | ||
| 245 | |a Contratos administrativos : |b (legislación y jurisprudencia) / Óscar Moreno Gil ; estudio-prólogo: |b Jesús González Pérez | ||
| 260 | |a Madrid : |b Ministerio de Hacienda. Instituto de Estudios Fiscales, |c 1978 | ||
| 300 | |a XXXI, 1813 p. ; |c 24 cm | ||
| 590 | |a Inclou el Reglamento general de contratación | ||
| 650 | 0 | |a Contractes administratius |x Dret i legislació |x Espanya |9 45760 | |
| 700 | |a González Pérez, Jesús |e autor del pròleg |9 24886 | ||
| 700 | |a Espanya. Ministerio de Hacienda. Reglamento general de contratación del Estado (1978) |9 32953 | ||
| 901 | |a Arxiu | ||
| 942 | |n 1 |2 udc | ||
| 952 | |0 1 |1 0 |2 udc |4 0 |5 2 |6 D3172 |7 1 |9 46156 |a Arxiu |b Arxiu |d 2016-12-01 |l 0 |o D-3-172 |p 19462 |r 2016-12-01 00:00:00 |w 2016-12-01 |y ARXIU | ||
| 999 | |c 49658 |d 49658 | ||